Az aranyszamár

Bibliographic Details
Main Authors: Apuleius, Lucius, asi 125-asi 180 (Author), Réber, László (Adapter)
Other Authors: Révay, József (Translator)
Format: Book
Language:Hungarian
Latin
PhysicalDescription:310, [1] s. ilustr. 12°
Published: Bratislava Szlovákiai Szépirodalmi Könyvkiadó 1964
Series:Olcsó könyvtár.
Subjects:

MARC

LEADER 00000cam a2200000 a 4500
001 vtls008358129
003 SK-MaSNL
005 20260301035916.0
008 230403s1964 xo a 000 f hun
015 |a SNBA1964/06-01397 
035 |a SK01SNK19640050346 
035 |a urn:nbn:sk:snk-am3i1ih 
035 |a 094C61C7-F351-4A3F-ACD5-A6004887DEE9 
035 |a urn:nbn:sk:snk-am00dgig 
035 |a SKM000052809 
040 |a SNK  |b slo  |c SNK  |e AACR2 
041 1 |a hun  |h lat 
044 |a xo  |c SK 
080 |a 871-3=945.11  |2 1981 
100 1 |a Apuleius, Lucius,  |d asi 125-asi 180  |4 aut  |9 115714 
240 1 0 |a Asinus aureus. (Metamorphoseon libri 11.)  |l Maďarsky 
245 1 3 |a Az aranyszamár  |c Lucius Apuleius ; a mű ered. címe Asinus aureus. (Metamorphoseon libri 11.) ford. [és utószó írta] Révay József. Réber László rajz. 
260 |a Bratislava  |b Szlovákiai Szépirodalmi Könyvkiadó  |c 1964  |e [Budapest]  |f [Athenaeum] 
300 |a 310, [1] s.  |b ilustr.  |c 12° 
366 |e 700 výtl. 
490 1 |a Olcsó könyvtár.  |v 4. szám. 
650 0 7 |a latinská staroveká literatúra  |2 SNKPH  |9 67757 
655 7 |a romány  |2 SNKPH  |9 1390 
700 1 |a Révay, József  |4 trl  |9 317042 
700 1 |a Réber, László  |4 adp  |9 336457 
830 0 |a Olcsó könyvtár.  |9 307605 
852 |a Slovenská národná knižnica 
954 |a beletria cudzojazyčná (svetová)  |2 lita 
958 |a OND 
958 |a TL 
958 |a RK 
958 |a LX 
958 |a UP 
958 |a EUIPO 
999 |c 585134  |d 587064 
952 |a SNK  |b SNK  |y PREZ  |7 0  |p 17A1190645  |o snkSE 3648 D1  |i snkKSP 2333/64  |0 0  |1 0  |4 0  |d 2018-09-26  |l 0  |r 2026-02-23 15:05:47  |w 2026-02-23 
952 |a SNK  |b SNK  |y PREZ  |7 0  |p 17A0744352  |o snkSE 3648  |i snkKSP 2332/64  |0 0  |1 0  |4 0  |d 2018-04-11  |f 1  |l 0  |r 2026-02-23 15:05:47  |w 2026-02-23